000 00551nam a2200205Ia 4500
005 20250508154705.0
008 008 250505s9999 xx 000 0 eng d
037 _aTextual
040 _aFEDL
_beng
_cFEDL
041 _aeng
_2eng
084 _a407, FRI
_qFEDL
100 _aFries Charles C
245 0 _aLinguistics and reading
260 _aNew York, USA
_bHolt, Rinehart and Winston
_c1962
300 _axxi,265p
365 _aGifted
650 _aLanguage-Teaching
942 _cTEXL
_h407, FRI
999 _c1351617
_d1351617